[Event "Detroit (MOR/4/30)"]
[Site "?"]
[Date "1994.??.??"]
[Round "?"]
[White "Griffin, John"]
[Black "Leaman, P."]
[Result "1-0"]
[WhiteElo "1605"]
[BlackElo "1605"]
[PlyCount "160"]
[EventDate "1994.??.??"]

{4/(30)} 1. d4 d5 2. c4 Nf6 3. g3 e6 4. Bg2 c6 5. Nf3 Bb4+ 6. Bd2 Bxd2+ 7.
Nbxd2 Nbd7 8. O-O b6 9. Rc1 Ba6 10. cxd5 cxd5 11. Re1 O-O 12. Qa4 Bb7 13. Rc2
Nb8 14. Ne5 Qe8 15. Qxe8 Nxe8 16. Bh3 Nd6 17. Rec1 h6 18. a4 Na6 19. e3 Rfc8
20. b3 Rxc2 21. Rxc2 Rc8 22. Rxc8+ Nxc8 23. f4 g6 24. Nb1 Nb4 25. Nc3 Kg7 26.
Bf1 Nc2 27. Kf2 a5 28. Nf3 Na1 29. Nd2 Nc2 30. Bd3 Nb4 31. Bb1 Ba6 32. g4 Nd6
33. e4 dxe4 34. Ncxe4 Nxe4+ 35. Nxe4 Bd3 36. Bxd3 Nxd3+ 37. Ke3 Nb4 38. Nd6
Nd5+ 39. Ke4 Nf6+ 40. Kf3 Nd7 41. f5 gxf5 42. gxf5 exf5 43. Nxf5+ Kg6 44. Ne3
Kg5 45. Nd5 f5 46. b4 axb4 47. Nxb4 f4 48. Nd5 h5 49. Nxf4 h4 50. Nd3 Kf5 51.
h3 Nf6 52. Ne5 Nd5 53. Nc4 Kg5 54. a5 bxa5 55. Nxa5 Nc3 56. Nc4 Kf5 57. Ne3+
Kg5 58. d5 Nb5 59. Nc4 Nc7 60. d6 Ne6 61. Ke4 Nd8 62. Ne5 Kf6 63. Kd5 Nb7 64.
Nf3 Nxd6 65. Kxd6 Kf5 66. Nxh4+ Kf4 67. Ng2+ Kg3 68. h4 Kg4 69. Ke5 Kh5 70. Kf4
Kg6 71. Kg4 Kf6 72. h5 Kf7 73. Kg5 Kg7 74. Nh4 Kh7 75. h6 Kg8 76. Nf5 Kh7 77.
Nd6 Kh8 78. Kg6 Kg8 79. h7+ Kf8 80. h8=Q+ Ke7 1-0

[Event "Grand Rapids (MI Am/5/18)"]
[Site "?"]
[Date "1994.??.??"]
[Round "?"]
[White "Griffin, John"]
[Black "Khraizat, Ali"]
[Result "1-0"]
[WhiteElo "1605"]
[BlackElo "1605"]
[PlyCount "85"]
[EventDate "1994.??.??"]

{5/(18)} 1. d4 g6 2. c4 Bg7 3. g3 e6 4. Bg2 Ne7 5. Nc3 d5 6. Nf3 dxc4 7. Qa4+
Nbc6 8. e3 O-O 9. Qxc4 b6 10. O-O Bb7 11. Rd1 a6 12. Qe2 Qb8 13. b3 Nb4 14. Bb2
Rd8 15. a3 Nbd5 16. Nxd5 Bxd5 17. Qc2 Qb7 18. Ne1 Bxg2 19. Nxg2 Nd5 20. Rac1
Rac8 21. Qc6 Qxc6 22. Rxc6 Rd6 23. Rc2 c5 24. dxc5 Bxb2 25. Rxb2 Rxc5 26. e4
Ne3 27. Nxe3 Rxd1+ 28. Nxd1 Rc1 29. Rd2 Rb1 30. b4 Rb3 31. Rd6 Kf8 32. Kg2 Rxa3
33. Rxb6 Rb3 34. Rxa6 Rxb4 35. e5 Re4 36. f4 Re1 37. Nf2 Re2 38. Kf3 Rd2 39. h4
Ke7 40. Ra7+ Kf8 41. Ne4 Rd3+ 42. Kg2 Re3 43. Ng5 1-0

[Event "Romulus (RVO/4/18)"]
[Site "?"]
[Date "1994.??.??"]
[Round "?"]
[White "Griffin, John"]
[Black "Kalmadi, S."]
[Result "1-0"]
[WhiteElo "1605"]
[BlackElo "1605"]
[PlyCount "105"]
[EventDate "1994.??.??"]

{4/(18)} 1. d4 d6 2. c4 g6 3. g3 e5 4. dxe5 dxe5 5. Qxd8+ Kxd8 6. Bg2 c6 7. Nf3
Bg7 8. Nbd2 h6 9. Ne4 Kc7 10. O-O f5 11. Nc3 Be6 12. Nd2 Nd7 13. e3 Ne7 14. b3
Rad8 15. Bb2 Nc5 16. Rad1 Nc8 17. Ne2 Rd7 18. Nf3 Nd3 19. Bc3 Re8 20. Rd2 c5
21. Rfd1 e4 22. Ne1 Bxc3 23. Nxc3 Ne5 24. Nd5+ Bxd5 25. Rxd5 Rxd5 26. Rxd5 Nb6
27. Rd1 Re6 28. Kf1 Nbd7 29. Ke2 Rd6 30. Rxd6 Kxd6 31. f3 exf3+ 32. Nxf3 Nxf3
33. Bxf3 b6 34. h3 Ke5 35. Bc6 Nf6 36. Kf3 g5 37. Bb7 Kd6 38. Bc8 Ke5 39. Bb7
Ne4 40. Bxe4 fxe4+ 41. Kg4 Kf6 42. Kh5 Kg7 43. h4 gxh4 44. Kxh4 Kg6 45. Kg4 h5+
46. Kf4 a5 47. a4 Kf6 48. Kxe4 Kg5 49. Kf3 Kf5 50. e4+ Ke5 51. Ke3 Ke6 52. Kf4
Kf6 53. e5+ 1-0

[Event "Grand Rapids (MI Am/1/29)"]
[Site "?"]
[Date "1994.??.??"]
[Round "?"]
[White "Griffin, John"]
[Black "Hayes, D."]
[Result "1-0"]
[WhiteElo "1605"]
[BlackElo "1605"]
[PlyCount "107"]
[EventDate "1994.??.??"]

{1/(29)} 1. d4 Nf6 2. c4 c5 3. d5 b5 4. cxb5 a6 5. Nc3 g6 6. e3 d6 7. Nf3 Bg7
8. Be2 O-O 9. O-O Nbd7 10. e4 Bb7 11. Qc2 Qc7 12. Bd2 Rfb8 13. a4 axb5 14. Bxb5
Qb6 15. Bf4 Nh5 16. Be3 Ne5 17. Nxe5 Bxe5 18. Ra3 Ba6 19. Rb1 Bxb5 20. Nxb5 Qb7
21. Qc4 Qd7 22. Qc2 Qg4 23. f3 Qh4 24. g3 Qh3 25. Qg2 Qd7 26. Bd2 Rb6 27. Bc3
Bxc3 28. Nxc3 Rba6 29. Qc2 Qb7 30. b3 Qb6 31. Rb2 Rb8 32. Ra1 c4+ 33. Qf2 Qxf2+
34. Kxf2 Rxb3 35. Rxb3 cxb3 36. Rb1 Rb6 37. Ke3 Nf6 38. Kd2 Nd7 39. Nd1 Nc5 40.
Nb2 Ra6 41. Ra1 h5 42. a5 g5 43. h3 Kg7 44. Kc3 Kf8 45. Nc4 Ke8 46. Nd2 Kd7 47.
Nxb3 Nb7 48. Kb4 Kc7 49. Kb5 Ra7 50. Rc1+ Kb8 51. a6 Nd8 52. Na5 Rc7 53. Rxc7
Kxc7 54. a7 1-0

[Event "Romulus (RVO/2/15)"]
[Site "?"]
[Date "1994.??.??"]
[Round "?"]
[White "Griffin, John"]
[Black "Golonka, Stan"]
[Result "1/2-1/2"]
[WhiteElo "1605"]
[BlackElo "1925"]
[PlyCount "96"]
[EventDate "1994.??.??"]

{2/(15)} 1. d4 c5 2. d5 e5 3. c4 d6 4. Nc3 Nf6 5. e4 Be7 6. Bd3 Nbd7 7. h3 Nf8
8. Bg5 Ng6 9. Nge2 h6 10. Bd2 Nh4 11. O-O Bd7 12. Ng3 Qc8 13. Kh2 a6 14. f4
exf4 15. Bxf4 Ng6 16. Nf5 Bxf5 17. exf5 Nxf4 18. Rxf4 Nd7 19. Qf1 Bf6 20. Kh1
O-O 21. Re1 Be5 22. Rfe4 Nf6 23. R4e3 Qd8 24. Bb1 Nh5 25. Ne4 Qh4 26. g4 Ng3+
27. Nxg3 Bxg3 28. R1e2 Be5 29. Qe1 Qxe1+ 30. Rxe1 b5 31. b3 Rab8 32. Bd3 bxc4
33. Bxc4 Rb6 34. R1e2 Rd8 35. Kg2 Kf8 36. Kf3 f6 37. Re1 Ke7 38. Rb1 Kd7 39.
Ke4 Rdb8 40. Kd3 Kc7 41. Kc2 Kb7 42. Rbe1 Ka7 43. Rb1 Rh8 44. Rh1 Rb7 45. h4
Rd7 46. h5 Re8 47. Rhe1 Rb8 48. R1e2 Rdb7 1/2-1/2

[Event "Grand Rapids (MI Am/3/23)"]
[Site "?"]
[Date "1994.??.??"]
[Round "?"]
[White "Griffin, John"]
[Black "Carpenter, O."]
[Result "1-0"]
[WhiteElo "1605"]
[BlackElo "1605"]
[PlyCount "86"]
[EventDate "1994.??.??"]

{3/(23)} 1. d4 Nf6 2. c4 d6 3. g3 g6 4. Bg2 Bg7 5. Nf3 O-O 6. Nc3 Nbd7 7. O-O
e5 8. e4 c6 9. h3 Re8 10. Be3 h6 11. Qc2 Rb8 12. dxe5 dxe5 13. Bxa7 Ra8 14. Be3
Qe7 15. a3 Nc5 16. Nd2 Ne6 17. Rad1 Rd8 18. Nf3 Rd7 19. Nxe5 Rd8 20. Rxd8+ Nxd8
21. Rd1 Nd7 22. Nxd7 Bxd7 23. Qd2 Be6 24. Bxh6 Bxc4 25. Bxg7 f6 26. Bh6 g5 27.
Qd7 Qxd7 28. Rxd7 Nf7 29. Bxg5 Nxg5 30. f4 Nf7 31. Kf2 Rd8 32. Rxd8+ Nxd8 33.
Ke3 Ne6 34. Na4 Nd8 35. h4 b5 36. Nc5 Ne6 37. Nxe6 Bxe6 38. Kd4 f5 39. exf5
Bxf5 40. Bxc6 Bg4 41. Bxb5 Kf8 42. Bc6 Ke7 43. b4 Kd6 1-0

[Event "Detroit (Class B/1/15)"]
[Site "?"]
[Date "1994.??.??"]
[Round "?"]
[White "Griffin, John"]
[Black "Bailey, Jason"]
[Result "1/2-1/2"]
[WhiteElo "1605"]
[BlackElo "1700"]
[PlyCount "195"]
[EventDate "1994.??.??"]

{1/(15)} 1. d4 d5 2. c4 e6 3. g3 Nf6 4. Bg2 c6 5. cxd5 exd5 6. Nf3 Be7 7. O-O
Bf5 8. Nc3 O-O 9. Nh4 Bg4 10. h3 Bd7 11. Qc2 Na6 12. a3 Ne4 13. Nxe4 Bxh4 14.
Nc5 Nxc5 15. Qxc5 Bf6 16. e3 Qb6 17. b4 Qxc5 18. bxc5 b6 19. cxb6 axb6 20. Rb1
Rfb8 21. Rd1 Bf5 22. Ra1 Bc2 23. Rd2 Bb3 24. Bb2 Ra4 25. e4 dxe4 26. Bxe4 c5
27. Bc6 Rc4 28. d5 Bd4 29. d6 Rc2 30. Rxc2 Bxc2 31. Bxd4 cxd4 32. Kf1 Kf8 33.
Ke2 Bf5 34. a4 Bxh3 35. Rd1 Rd8 36. Rxd4 Bd7 37. Be4 g6 38. Kd2 f5 39. Bc2 Kf7
40. Bb3+ Kf6 41. Kc3 Ke5 42. f4+ Kf6 43. Rd2 Be6 44. Bd1 Rc8+ 45. Kb4 Bd7 46.
a5 bxa5+ 47. Kxa5 Rc3 48. Kb4 Rxg3 49. Ba4 Ke6 50. Bxd7+ Kxd7 51. Kc5 Ra3 52.
Rh2 Ra5+ 53. Kd4 Kxd6 54. Rxh7 Ra4+ 55. Ke3 Re4+ 56. Kf3 Ke6 57. Rg7 Kf6 58.
Ra7 Rb4 59. Rh7 Rb3+ 60. Kf2 Rd3 61. Ra7 Rh3 62. Kg2 Rh4 63. Kf3 Rg4 64. Ra6+
Kg7 65. Ra7+ Kh6 66. Rf7 Rg1 67. Kf2 Rc1 68. Kg3 Rc3+ 69. Kg2 Kh5 70. Rf6 Kg4
71. Rxg6+ Kxf4 72. Kf2 Rc2+ 73. Ke1 Kf3 74. Rf6 f4 75. Rf7 Rh2 76. Rf6 Rh1+ 77.
Kd2 Kg3 78. Ke2 Rh2+ 79. Ke1 Ra2 80. Rg6+ Kf3 81. Rf6 Ra1+ 82. Kd2 Rf1 83. Rf7
Kg2 84. Rg7+ Kf2 85. Rf7 f3 86. Kd3 Rd1+ 87. Ke4 Re1+ 88. Kf4 Ra1 89. Kg4 Ra4+
90. Kh3 Ke2 91. Re7+ Kf1 92. Rb7 Rd4 93. Kg3 Rd3 94. Rb1+ Ke2 95. Rb2+ Ke3 96.
Ra2 Ke4 97. Ra4+ Kd5 98. Rf4 1/2-1/2

[Event "Detroit (MOR/6/25)"]
[Site "?"]
[Date "1994.??.??"]
[Round "?"]
[White "Griffin, John"]
[Black "Ashton, Jeff"]
[Result "1/2-1/2"]
[WhiteElo "1605"]
[BlackElo "1605"]
[PlyCount "67"]
[EventDate "1994.??.??"]

{6/(25)} 1. d4 d5 2. c4 e6 3. g3 c6 4. Bg2 Nf6 5. cxd5 cxd5 6. Nc3 Bb4 7. a3
Bxc3+ 8. bxc3 Qc7 9. Qc2 O-O 10. Nf3 Ne4 11. Bb2 Nc6 12. Nd2 Nxd4 13. Qd3 Nxd2
14. cxd4 Nc4 15. Rc1 Qa5+ 16. Qc3 Qxc3+ 17. Bxc3 Re8 18. a4 Bd7 19. a5 Rec8 20.
O-O Bb5 21. Rfe1 f5 22. Rb1 Ba6 23. e3 Nd6 24. Bb4 Ne4 25. Rbc1 Rc4 26. Rxc4
dxc4 27. Rc1 Rc8 28. f3 Nf6 29. e4 fxe4 30. fxe4 b5 31. d5 exd5 32. exd5 Bb7
33. Bh3 Rd8 34. Be6+ 1/2-1/2

[Event "Detroit (MOR/6/14)"]
[Site "?"]
[Date "1994.??.??"]
[Round "?"]
[White "Gregory, Kevin"]
[Black "West, Tony"]
[Result "1/2-1/2"]
[WhiteElo "1745"]
[BlackElo "1605"]
[PlyCount "111"]
[EventDate "1994.??.??"]

{6/(14)} 1. d4 Nf6 2. Nf3 g6 3. c4 c5 4. d5 b5 5. b3 Bg7 6. Bb2 O-O 7. g3 d6 8.
Bg2 b4 9. O-O Nbd7 10. Nbd2 a5 11. Qc2 a4 12. Ne4 a3 13. Bxf6 Nxf6 14. Nxf6+
Bxf6 15. Rad1 Bg4 16. Qd2 Bf5 17. Qh6 Bg7 18. Qg5 h6 19. Qf4 Kh7 20. e4 Bd7 21.
h4 f6 22. Rd3 g5 23. Qe3 g4 24. Nh2 h5 25. f4 f5 26. Qe2 Bd4+ 27. Kh1 Qc7 28.
exf5 Bxf5 29. Be4 Qd7 30. Re1 Rae8 31. Bxf5+ Qxf5 32. Qe4 Kg6 33. Qe6+ Rf6 34.
Qxf5+ Kxf5 35. Kg2 e5 36. fxe5 Rxe5 37. Rf1+ Kg6 38. Rxf6+ Kxf6 39. Rd2 Re1 40.
Nf1 Ra1 41. Re2 Be5 42. Rf2+ Ke7 43. Ne3 Bb2 44. Rf1 Rxa2 45. Rf2 Ra1 46. Re2
Kd7 47. Nf5 Be5 48. Ne3 Bb2 49. Nf5 a2 50. Re7+ Kd8 51. Ra7 Ba3 52. Ra6 Rd1 53.
Rxd6+ Kc7 54. Rc6+ Kb7 55. Nd6+ Ka7 56. Rc7+ 1/2-1/2

[Event "Detroit (MOR/2/35)"]
[Site "?"]
[Date "1994.??.??"]
[Round "?"]
[White "Gregory, Kevin"]
[Black "Vangilder, W."]
[Result "1/2-1/2"]
[WhiteElo "1745"]
[BlackElo "1605"]
[PlyCount "106"]
[EventDate "1994.??.??"]

{2/(35)} 1. d4 d5 2. Nf3 Nf6 3. e3 Bf5 4. c4 e6 5. Qb3 dxc4 6. Qxb7 Be4 7. Qb5+
Nbd7 8. Ne5 a6 9. Qa4 c5 10. Nc3 Bb7 11. f3 cxd4 12. exd4 Be7 13. Bxc4 O-O 14.
O-O Nb6 15. Qb3 Qxd4+ 16. Kh1 Nxc4 17. Nxc4 Bd5 18. Nxd5 Nxd5 19. Rd1 Qc5 20.
Be3 Nxe3 21. Nxe3 Rab8 22. Qc3 Qxc3 23. bxc3 Rfc8 24. Rd3 Rd8 25. Rxd8+ Rxd8
26. Rd1 Rc8 27. Rd3 Rd8 28. Rxd8+ Bxd8 29. Kg1 Bb6 30. Kf2 Kf8 31. Ke2 Bxe3 32.
Kxe3 Ke7 33. Kd4 Kd6 34. f4 f6 35. g4 g6 36. h4 a5 37. a4 Kc6 38. c4 Kd6 39.
c5+ Kc6 40. g5 e5+ 41. Ke4 f5+ 42. Kxe5 Kxc5 43. Kf6 Kb4 44. Kg7 Kxa4 45. Kxh7
Kb4 46. Kxg6 a4 47. h5 a3 48. h6 a2 49. h7 a1=Q 50. Kh6 Qh1+ 51. Kg7 Qb7+ 52.
Kh6 Qh1+ 53. Kg7 Qb7+ 1/2-1/2

[Event "Detroit (MOR/4/16)"]
[Site "?"]
[Date "1994.??.??"]
[Round "?"]
[White "Gregory, Kevin"]
[Black "Palmeri, S."]
[Result "1/2-1/2"]
[WhiteElo "1745"]
[BlackElo "1605"]
[PlyCount "101"]
[EventDate "1994.??.??"]

{4/(16)} 1. d4 d5 2. Nf3 Bf5 3. e3 e6 4. c4 Nf6 5. Qb3 Nc6 6. Bd2 Rb8 7. Nc3
Nb4 8. e4 dxe4 9. Nxe4 Bxe4 10. Bxb4 Bxb4+ 11. Qxb4 Bxf3 12. gxf3 Qxd4 13. Rd1
Qe5+ 14. Be2 Nd7 15. Rd2 Qc5 16. Qc3 Qg5 17. f4 Qf6 18. Qe3 Nb6 19. c5 Nd7 20.
Bf3 c6 21. Bg4 Rd8 22. f5 e5 23. Rd6 Qe7 24. b4 Nf6 25. Rxd8+ Kxd8 26. Bf3 Nd5
27. Qa3 b5 28. Qa5+ Qc7 29. Qxc7+ Kxc7 30. a3 Re8 31. Be4 Nf6 32. Bc2 e4 33.
Rg1 g6 34. fxg6 hxg6 35. Bb3 Re7 36. Ke2 Rd7 37. Rd1 Rxd1 38. Bxd1 Nd5 39. Kd2
f5 40. Bb3 Nf6 41. h3 Nd7 42. Ke3 Kd8 43. f3 exf3 44. Kxf3 Ke7 45. Kf4 Kf6 46.
h4 Nf8 47. Ba2 Ne6+ 48. Bxe6 Kxe6 49. Kg5 Ke5 50. Kxg6 f4 51. h5 1/2-1/2

[Event "Detroit (Class B/5/7)"]
[Site "?"]
[Date "1994.??.??"]
[Round "?"]
[White "Gregory, Kevin"]
[Black "Franklin, Stan"]
[Result "1-0"]
[WhiteElo "1750"]
[BlackElo "1665"]
[PlyCount "95"]
[EventDate "1994.??.??"]

{5/(7)} 1. d4 Nf6 2. c4 d5 3. Nc3 e6 4. a3 g6 5. Bg5 Bg7 6. e3 O-O 7. Be2 h6 8.
Bh4 b6 9. Nf3 Nbd7 10. cxd5 g5 11. dxe6 fxe6 12. Bg3 Bb7 13. h3 Rc8 14. O-O a6
15. Bc4 Qe7 16. Qb3 Rfe8 17. Ne5 b5 18. Bd3 c5 19. Bg6 c4 20. Qc2 Nxe5 21. Bxe8
Qxe8 22. Bxe5 Qc6 23. f3 Rf8 24. Bxf6 Rxf6 25. Ne4 Rf5 26. Nc5 Ba8 27. Qe4 Kf7
28. Qxc6 Bxc6 29. Nxa6 e5 30. e4 Rf6 31. dxe5 Re6 32. Nb4 Bxe5 33. Nxc6 Rxc6
34. Rab1 Rd6 35. Rfe1 Rd2 36. Kf1 Rxb2 37. Rec1 c3 38. Rxb2 cxb2 39. Rb1 Ke6
40. Ke2 Kd6 41. Kd3 Kc6 42. Kc2 Kc5 43. Rxb2 Kc4 44. Rb3 h5 45. g4 h4 46. Rd3
Bd4 47. Rxd4+ Kxd4 48. Kb3 1-0

[Event "Detroit (Class B/1/4)"]
[Site "?"]
[Date "1994.??.??"]
[Round "?"]
[White "Gregory, Kevin"]
[Black "Blake, J."]
[Result "0-1"]
[WhiteElo "1750"]
[BlackElo "1685"]
[PlyCount "134"]
[EventDate "1994.??.??"]

{1/(4)} 1. d4 d5 2. Nf3 e6 3. Bf4 f5 4. e3 Nf6 5. Bd3 Bd6 6. Bg3 O-O 7. Nbd2
Qe7 8. Qe2 Nbd7 9. O-O-O c5 10. Bb5 Nb6 11. dxc5 Bxc5 12. Ne5 a6 13. Bd3 Na4
14. Nb3 Ba3 15. Kd2 Bxb2 16. Qf3 Qb4+ 17. Ke2 Nc3+ 18. Kf1 Nxd1 19. Qxd1 Nd7
20. Nf3 e5 21. Ng5 Nf6 22. Be2 h6 23. Nf3 f4 24. exf4 exf4 25. Bh4 Be6 26. Nfd4
Bxd4 27. Nxd4 Bd7 28. f3 Rac8 29. Nb3 g5 30. Bf2 Bb5 31. Bd3 Rfe8 32. g3 Nd7
33. gxf4 Bxd3+ 34. Qxd3 Qc4 35. fxg5 hxg5 36. Rg1 Qxd3+ 37. cxd3 Ne5 38. Rxg5+
Kf7 39. d4 Nd3 40. Rxd5 Rc2 41. Bg3 Rxa2 42. h4 Rc8 43. Rd7+ Ke6 44. Rxb7 Nc1
45. Rb6+ Kf5 46. Nc5 Rg8 47. Bf2 Re8 48. Rxa6 Rxa6 49. Nxa6 Nd3 50. Bg3 Re3 51.
Kg2 Nf4+ 52. Kf2 Re2+ 53. Kf1 Rd2 54. Bf2 Rd3 55. Nb4 Rxf3 56. Ke1 Rb3 57. Nc6
Nd3+ 58. Ke2 Nxf2 59. Kxf2 Rh3 60. Ke2 Ke4 61. Kd2 Kd5 62. Ne7+ Kxd4 63. Ke2
Re3+ 64. Kf2 Rxe7 65. Kg3 Ke4 66. h5 Ke5 67. Kf3 Rh7 0-1

[Event "Detroit (Class B/3/14)"]
[Site "?"]
[Date "1994.??.??"]
[Round "?"]
[White "Gregory, Kevin"]
[Black "Bailey, Jason"]
[Result "1-0"]
[WhiteElo "1750"]
[BlackElo "1700"]
[PlyCount "67"]
[EventDate "1994.??.??"]

{3/(14)} 1. d4 d5 2. Nf3 Bf5 3. Bf4 e6 4. e3 Nf6 5. Nbd2 Nbd7 6. c4 c6 7. h3
Qa5 8. Nh4 Bg6 9. Nxg6 hxg6 10. Bd3 dxc4 11. Bxc4 Nh5 12. Bh2 Bb4 13. a3 Bxd2+
14. Qxd2 Qxd2+ 15. Kxd2 c5 16. dxc5 Nxc5 17. Bb5+ Ke7 18. Ke2 a6 19. Bc4 b5 20.
Ba2 Na4 21. b4 Rac8 22. Bb3 Rhd8 23. Bxa4 bxa4 24. Rac1 Nf6 25. Rhd1 Rxd1 26.
Rxd1 Nd5 27. Be5 f6 28. Bb2 Nb6 29. Bd4 Nc4 30. Bc5+ Rxc5 31. bxc5 Nxa3 32. c6
Nb5 33. Rd7+ Kf8 34. c7 1-0

[Event "Flint (MI Senior/4/6)"]
[Site "?"]
[Date "1994.??.??"]
[Round "?"]
[White "Gregg, Ted"]
[Black "Swartz, J."]
[Result "0-1"]
[WhiteElo "1605"]
[BlackElo "1630"]
[PlyCount "138"]
[EventDate "1994.??.??"]

{4/(6)} 1. f4 d5 2. b3 Nf6 3. Bb2 g6 4. Nf3 Bg7 5. e3 O-O 6. Be2 Nbd7 7. O-O
Nc5 8. d3 b6 9. Ne5 Bb7 10. Bf3 Nfd7 11. Bd4 Ne6 12. Nxd7 Qxd7 13. Bxg7 Nxg7
14. Nd2 Nf5 15. Qe1 Rfe8 16. Bg4 e6 17. Nf3 d4 18. e4 Ne3 19. Ne5 Qe7 20. Qe2
Nxf1 21. Rxf1 b5 22. Nf3 c5 23. Qf2 f6 24. Qg3 Kf7 25. h4 Rh8 26. h5 Rag8 27.
Qh3 g5 28. fxg5 Ke8 29. Bxe6 Rf8 30. Bf5 Kd8 31. g6 hxg6 32. Bxg6 Bc6 33. Qf5
Qd7 34. Nh4 Qxf5 35. Rxf5 c4 36. bxc4 bxc4 37. Rc5 cxd3 38. cxd3 Kc7 39. Nf5
Kb6 40. Rc2 Rd8 41. Ne7 Bb7 42. Rb2+ Kc7 43. Nf5 Bc6 44. Rc2 Kb6 45. Rc4 Bb5
46. Rxd4 Rxd4 47. Nxd4 Bxd3 48. g4 Bc4 49. a3 Kc5 50. Nf3 Kd6 51. Kf2 a5 52.
Ke3 Rb8 53. Nd2 Be6 54. Bf5 Bxf5 55. exf5 Kd5 56. Kf4 a4 57. g5 fxg5+ 58. Kxg5
Rb2 59. Nf3 Rb3 60. Nh4 Rxa3 61. h6 Rg3+ 62. Kh5 Rg8 63. Nf3 a3 64. Nd2 a2 65.
Nb3 Kc4 66. Na1 Rg1 67. h7 Rxa1 68. Kg6 Rg1+ 69. Kf7 a1=Q 0-1

[Event "Grand Rapids (MI Am/4/27)"]
[Site "?"]
[Date "1994.??.??"]
[Round "?"]
[White "Gregg, Ted"]
[Black "Spangler, Richard"]
[Result "1-0"]
[WhiteElo "1605"]
[BlackElo "1605"]
[PlyCount "107"]
[EventDate "1994.??.??"]

{4/(27)} 1. f4 e5 2. fxe5 Nc6 3. Nf3 d6 4. exd6 Bxd6 5. d4 Bg4 6. e3 Qe7 7. Bb5
Nf6 8. O-O O-O 9. Bxc6 bxc6 10. Qe1 Rfe8 11. Qh4 Bf5 12. c3 c5 13. Re1 Qe4 14.
Nbd2 Qxh4 15. Nxh4 Bd3 16. Ndf3 Nd5 17. g3 Re7 18. Bd2 Rb8 19. b3 c4 20. b4 Rb5
21. a4 Rb8 22. a5 a6 23. Ng2 c6 24. Nf4 Nxf4 25. exf4 Rbe8 26. Rxe7 Rxe7 27.
Re1 Rxe1+ 28. Nxe1 Be4 29. Kf2 f5 30. Nf3 Bxf3 31. Kxf3 g6 32. Ke3 h5 33. d5 c5
34. Kf3 cxb4 35. cxb4 Bb8 36. Be3 c3 37. Ke2 Bd6 38. Bc5 c2 39. Kd2 Bxc5 40.
bxc5 c1=Q+ 41. Kxc1 Kf8 42. Kd2 Ke8 43. Kd3 Kd7 44. Kd4 Kc7 45. Ke5 Kd7 46. Kf6
Ke8 47. Kxg6 Ke7 48. Kxf5 Kf7 49. Kg5 Ke7 50. Kxh5 Kf7 51. Kg5 Ke7 52. Kg6 Kf8
53. h4 Kg8 54. c6 1-0

[Event "Eastpointe (US Am N/3/26)"]
[Site "?"]
[Date "1994.??.??"]
[Round "?"]
[White "Gregg, Ted"]
[Black "Schey, Danny"]
[Result "1-0"]
[WhiteElo "1605"]
[BlackElo "1685"]
[PlyCount "48"]
[EventDate "1994.??.??"]

{3/(26)} 1. f4 e5 2. fxe5 d6 3. exd6 Bxd6 4. Nf3 g5 5. g3 g4 6. Nh4 Be7 7. Ng2
h5 8. d4 Bg5 9. Bf4 Bxf4 10. Nxf4 h4 11. Bg2 Nc6 12. c3 Nh6 13. e4 Qg5 14. Nd2
b6 15. Qe2 h3 16. Bf1 Bb7 17. Qb5 f5 18. Bd3 O-O-O 19. Rf1 Rhe8 20. O-O-O a6
21. Qb3 Na5 22. Qc2 fxe4 23. Bxe4 Bxe4 24. Nxe4 Nf5 1-0

[Event "Eastpointe (US Am N/1a/11)"]
[Site "?"]
[Date "1994.??.??"]
[Round "?"]
[White "Gregg, Ted"]
[Black "Reeves, Andre"]
[Result "0-1"]
[WhiteElo "1605"]
[BlackElo "1765"]
[PlyCount "38"]
[EventDate "1994.??.??"]

1. f4 e5 2. fxe5 d6 3. exd6 Bxd6 4. Nf3 g5 5. d4 g4 6. Ng5 Nc6 7. Ne4 Nxd4 8.
Nxd6+ Qxd6 9. c3 Nf5 10. Qxd6 Nxd6 11. Bf4 Bf5 12. e3 O-O-O 13. Bxd6 Rxd6 14.
Nd2 Nf6 15. Rd1 Rhd8 16. Be2 Bc2 17. O-O Bxd1 18. Nc4 Bxe2 19. Nxd6+ Rxd6 0-1

[Event "Flint (MI Senior/2/9)"]
[Site "?"]
[Date "1994.??.??"]
[Round "?"]
[White "Gregg, Ted"]
[Black "O'Dell, Ray"]
[Result "1-0"]
[WhiteElo "1605"]
[BlackElo "1605"]
[PlyCount "53"]
[EventDate "1994.??.??"]

{2/(9)} 1. f4 d5 2. b3 Nf6 3. Bb2 Nc6 4. e3 Bg4 5. Nf3 e6 6. Bb5 Qd7 7. O-O a6
8. Bxc6 Qxc6 9. Bxf6 gxf6 10. Nc3 Bg7 11. Qe1 Bxf3 12. Rxf3 f5 13. d4 Qxc3 14.
Qxc3 O-O 15. Qe1 c5 16. Qh4 cxd4 17. Rh3 h6 18. Rg3 Kh8 19. Re1 Rg8 20. Kh1
dxe3 21. Rexe3 Bf8 22. Qf6+ Rg7 23. Qxh6+ Rh7 24. Qf6+ Rg7 25. Rxg7 Bxg7 26.
Qxf7 Rf8 27. Rh3+ 1-0

[Event "Detroit (Class C/5/21)"]
[Site "?"]
[Date "1994.??.??"]
[Round "?"]
[White "Gregg, Ted"]
[Black "Iyer, Krishnan"]
[Result "1/2-1/2"]
[WhiteElo "1605"]
[BlackElo "1605"]
[PlyCount "88"]
[EventDate "1994.??.??"]

{5/(21)} 1. f4 d5 2. b3 c5 3. e3 Nc6 4. Bb5 a6 5. Bxc6+ bxc6 6. Nf3 f6 7. Bb2
Bg4 8. O-O Qc7 9. Qe1 Bxf3 10. Rxf3 e5 11. fxe5 fxe5 12. Qh4 Be7 13. Qh5+ Kd8
14. Bxe5 Bd6 15. Bxd6 Qxd6 16. Nc3 Nf6 17. Qh4 Kc7 18. Raf1 Rhf8 19. Qg3 Qxg3
20. Rxg3 g6 21. Rgf3 Nd7 22. Rf7 Rxf7 23. Rxf7 Rh8 24. Ne2 Kd6 25. d3 h5 26. h3
Re8 27. Kf2 Rf8 28. Rxf8 Nxf8 29. Nf4 c4 30. bxc4 dxc4 31. d4 c5 32. d5 g5 33.
Nxh5 Kxd5 34. Kf3 Ne6 35. Ng3 c3 36. Ne4 Kc4 37. a3 Nc7 38. Nxg5 Nb5 39. h4
Nxa3 40. h5 Nxc2 41. h6 Nd4+ 42. exd4 c2 43. h7 c1=Q 44. h8=Q Qxg5 1/2-1/2

[Event "Detroit (Class C/3/21)"]
[Site "?"]
[Date "1994.??.??"]
[Round "?"]
[White "Gregg, Ted"]
[Black "Hayes, P."]
[Result "1-0"]
[WhiteElo "1605"]
[BlackElo "1605"]
[PlyCount "104"]
[EventDate "1994.??.??"]

{3/(21)} 1. f4 e5 2. fxe5 d6 3. exd6 Bxd6 4. Nf3 g5 5. d4 g4 6. Ng5 f6 7. Ne4
Be7 8. c3 f5 9. Nf2 Bd6 10. g3 f4 11. Bxf4 Bxf4 12. gxf4 Bf5 13. Bg2 Nc6 14. e4
Qe7 15. Qe2 Bd7 16. Nd2 O-O-O 17. O-O-O Nf6 18. e5 Bf5 19. Bxc6 bxc6 20. Qa6+
Kb8 21. Qxc6 Nd5 22. Qb5+ Ka8 23. Nd3 Bc8 24. Nc5 Nb6 25. Nc4 Nxc4 26. Qxc4 h5
27. Rhg1 Rh6 28. d5 Rb6 29. b4 Bf5 30. e6 Qh4 31. Rd2 c6 32. Nd7 Rb7 33. Qxc6
a5 34. bxa5 Ka7 35. Nb6 Qe7 36. Rb2 Rc7 37. Qb5 Rxc3+ 38. Kd2 Rd3+ 39. Ke2 Qc7
40. Nd7 Re3+ 41. Kxe3 Qc3+ 42. Kf2 Qf3+ 43. Ke1 Qe3+ 44. Qe2 Qxg1+ 45. Qf1 Qe3+
46. Qe2 Qc1+ 47. Kf2 Qxf4+ 48. Ke1 Qc1+ 49. Kf2 g3+ 50. hxg3 Bg4 51. Qe3+ Qxe3+
52. Kxe3 Ka6 1-0

[Event "Grand Rapids (MI Am/2/14)"]
[Site "?"]
[Date "1994.??.??"]
[Round "?"]
[White "Gregg, Ted"]
[Black "Estlick, Laurence"]
[Result "0-1"]
[WhiteElo "1605"]
[BlackElo "1840"]
[PlyCount "88"]
[EventDate "1994.??.??"]

{2/(14)} 1. f4 d5 2. b3 Nf6 3. Bb2 g6 4. e3 Bg7 5. Nf3 O-O 6. Be2 c5 7. O-O Nc6
8. Ne5 Nxe5 9. Bxe5 Bf5 10. d3 Qd7 11. Nd2 Ng4 12. Bxg4 Bxg4 13. Nf3 Bxe5 14.
fxe5 Qc7 15. Qe1 Bxf3 16. Rxf3 Qxe5 17. c3 Rfd8 18. d4 cxd4 19. exd4 Qxe1+ 20.
Rxe1 e6 21. Ref1 Rd7 22. g4 f5 23. gxf5 gxf5 24. Kf2 Rg7 25. Rg3 Rc8 26. Rc1
Rxg3 27. hxg3 b5 28. Ke3 Kg7 29. Kd3 Kf6 30. Rf1 Kg5 31. Rf4 h5 32. Rh4 a5 33.
a3 Rf8 34. Ke3 Rb8 35. Kd3 a4 36. b4 Rf8 37. Ke3 f4+ 38. Rxf4 Rxf4 39. gxf4+
Kg4 40. Kf2 Kxf4 41. Kg2 Ke4 42. Kh3 Kd3 43. Kh4 Kxc3 44. Kxh5 Kxd4 0-1

[Event "Grand Rapids (MI Am/5/22)"]
[Site "?"]
[Date "1994.??.??"]
[Round "?"]
[White "Gregg, Ted"]
[Black "Eggenberger, Jeffrey"]
[Result "1/2-1/2"]
[WhiteElo "1605"]
[BlackElo "1605"]
[PlyCount "107"]
[EventDate "1994.??.??"]

{5/(22)} 1. f4 e6 2. Nf3 Nf6 3. b3 d5 4. e3 Bc5 5. Bb2 b6 6. Be2 O-O 7. O-O Bb7
8. Ne5 Nbd7 9. Bf3 Bd6 10. Qe1 Ne8 11. Qg3 f6 12. Ng4 c5 13. d3 Nb8 14. Nd2 Kh8
15. Nf2 Nc6 16. a3 Bc7 17. Bh5 Nd6 18. Qh3 Ne7 19. Bf3 Bc8 20. Kh1 Ndf5 21. e4
dxe4 22. Bxe4 Rb8 23. Ng4 Rf7 24. Rae1 Qd7 25. Ne3 Ng6 26. g3 Nxe3 27. Bxg6 h6
28. Rxe3 Re7 29. Rfe1 Bb7+ 30. Be4 Bxe4+ 31. Nxe4 e5 32. fxe5 Qxh3 33. exf6 Rf7
34. fxg7+ Rxg7 35. Bxg7+ Kxg7 36. Nf2 Qf5 37. Re7+ Kg8 38. Kg2 Rf8 39. R1e2 Rf7
40. Re8+ Kg7 41. R8e7 h5 42. Rxf7+ Kxf7 43. Ne4 Qg6 44. h4 Bd8 45. Rf2+ Kg7 46.
Kh3 Qg4+ 47. Kh2 Bc7 48. Rg2 Qxh4+ 49. Kg1 Qg4 50. Kh2 b5 51. Nxc5 h4 52. Ne4
hxg3+ 53. Nxg3 Kf7 54. Rf2+ 1/2-1/2

[Event "Eastpointe (US Am N/4/19)"]
[Site "?"]
[Date "1994.??.??"]
[Round "?"]
[White "Gregg, Ted"]
[Black "Bailey, Jason"]
[Result "0-1"]
[WhiteElo "1605"]
[BlackElo "1760"]
[PlyCount "36"]
[EventDate "1994.??.??"]

{4/(19)} 1. f4 e5 2. fxe5 d6 3. exd6 Bxd6 4. Nf3 g5 5. g3 g4 6. Nh4 Nf6 7. d4
Nh5 8. Qd3 Nc6 9. c3 b6 10. e4 Bb7 11. Be3 Nxg3 12. Rg1 Nxf1 13. Rxg4 Nxh2 14.
Bg5 f6 15. e5 Nxg4 16. exd6 fxg5 17. Qe4+ Kf7 18. Qxg4 gxh4 0-1